Az élettársi kapcsolatra vonatkozó jogi szabályozás fejlődése

Elmentve itt :
Bibliográfiai részletek
Szerző: Kiss Judit
További közreműködők: Hegedűs Andrea (Témavezető)
Dokumentumtípus: Szakdolgozat
Megjelent: 2008
Tárgyszavak:
Online Access:http://diploma.bibl.u-szeged.hu/31185
LEADER 00684nta a2200169 i 4500
001 dipl31185
005 20131011121718.0
008 110926s2008 hu om 0|| zxx d
040 |a SZTE Diploma Repozitórium  |b hun 
041 |a zxx 
100 1 |a Kiss Judit 
245 1 3 |a Az élettársi kapcsolatra vonatkozó jogi szabályozás fejlődése  |h [elektronikus dokumentum] /  |c Judit Kiss 
246 1 0 |a Development of legal regulation according to common law marriage  |h [elektronikus dokumentum] 
260 |c 2008 
650 4 |a Jogi és igazgatási tanulmányok 
700 1 |a Hegedűs Andrea  |e ths 
856 4 0 |u http://diploma.bibl.u-szeged.hu/id/eprint/31185/1/2008_kiss_judit_194_2008.pdf  |z Dokumentum-elérés